Normal view
MARC view
- السيوطي، جلال الدين عبد الرحمن، تحقيق زغلول، محمد السعيد بيسوني
Entry Personal Name
001 - CONTROL NUMBER
- control field: 15110
003 - CONTROL NUMBER IDENTIFIER
- control field: JO-AjAnu
005 - DATE AND TIME OF LATEST TRANSACTION
- control field: 20230606072718.0
008 - FIXED-LENGTH DATA ELEMENTS
- fixed length control field: 230606|| aca||aabn | a|a d
040 ## - CATALOGING SOURCE
- Original cataloging agency: JO-AjAnu
- Transcribing agency: JO-AjAnu
100 ## - HEADING--PERSONAL NAME
- Personal name: السيوطي، جلال الدين عبد الرحمن، تحقيق زغلول، محمد السعيد بيسوني
670 ## - SOURCE DATA FOUND
- Source citation: Work cat.: (JO-AjAnu)7758: السيوطي، جلال الدين عبد الرحمن، تحقيق زغلول، محمد السعيد بيسوني, author, الوسائل في مسامرة الأوائل / لجلال الدين عبد الرحمن السيوطي. ويليه كتاب الأوائل / للحافظ الطبراني ؛ تحقيق محمد السعيد زغلول